000
00260nam a2200109Ia 4500
008
190913s9999||||xx |||||||||||||| ||und||
100
_a
Dr Sayad Abdullah
245
0
_a
wajhe se abdulhaq tak
260
_a
Lahore
_b
Sang-e-meel
_c
2012
300
_a
588
942
_c
BK
999
_c
7984
_d
7984